000
00299nam a22001337a 4500
041
_a
ENG
100
_a
Valmayor.R.V
245
_a
Food Orocessing By Rural Families
260
_a
Delhi
_b
Food And Fertlizer
_c
1986
300
_a
242
650
_a
APE (02)
700
_a
Juang.T.C
856
_u
APE (02)
999
_c
2877
_d
2877